Citez un des personnages figurant sur ces couvertures de One Piece (6) - Statistiques

Statistiques générales
  • Ce quiz a été pris 97 fois
  • Le résultat moyen est 8 sur 9
Statistiques - réponses
Par images Réponse % Correct
Kaido | Brook | Nami | Franky
100%
Trafalgar D. Water Law | Kaido | Eustass Kidd
99%
Kaido | Sanji | Roronoa Zoro | Momonosuké Kozuki | Queen | King
97%
Brook | Tony-Tony Chopper | Nico Robin | Jinbe | Sanji | Roronoa Zoro | Usopp | Nami | Franky
96%
Baggy | Shanks | Carrot | Marshall D. Teach
95%
Nefertari Cobra | Monkey D. Garp | Morgans | Kobby | Sabo | Prince Gles | Kujaku | Hibari | Hermep
94%
Jewelry Bonney | Bartholomew Kuma | Sentomaru | Borsalino | Végapunk | Stussy
91%
Borsalino | Jewelry Bonney | Franky | Végapunk | Atlas | Sanji | Sentomaru
86%
Momonosuké Kozuki | Hiyori Kozuki
54%
Aucun quiz correspondant
Distribution des résultats
% des personnes avec chaque résultat
Percentile par nombre de réponses
Votre historique - résultats
Vous n’avez pas pris ce quiz